00859nam a22002537a 450000500170000001000130001702000100003003500130004003700160005304000120006908200130008110000290009424500940012326000370021727000420025430000310029665000310032765000170035870000250037570000290040094200220042999900190045195201350047020170124110038.0 aA-233342 c00.00 aA-233342 bCen Lib/Ret aDPLbEN a882bTEN aTendulkar, Vijay 987770 aGhashiram kotwal /cby Vijay tendulkar; translated by Jayant Karve [and] Elenzor Zelliot  aCalcutta bSeagull Books c1984  bCalcutta a26, circus avenue e700017 axv, 55p. ;c21cm(Hb)bill. aEnglish literature 987771 aDrama987772 aKarve, Jayant923177 aZelliot, Eleanor 923178 2ddccENh882mTEN c128365d128365 00104070aLbLd2015-07-02eCen Lib/Retg0.00l1m1o882 TENpA-233342r2019-03-14 00:00:00s2019-02-14t1v0.00w2015-07-02yEN